<?xml version="1.0" encoding="UTF-8"?>
<collection xmlns="http://www.loc.gov/MARC21/slim">
 <record>
  <leader>00619pamaa2200157   4500</leader>
  <controlfield tag="001">0000032277</controlfield>
  <controlfield tag="005">20100324090000.0</controlfield>
  <datafield tag="020" ind1="0" ind2="0">
   <subfield code="a">[nil] </subfield>
  </datafield>
  <datafield tag="090" ind1="0" ind2="0">
   <subfield code="a">Q180.55.G7 </subfield>
   <subfield code="b">MTS 2009</subfield>
  </datafield>
  <datafield tag="245" ind1="1" ind2="0">
   <subfield code="a">MTSF science and technology research grants 1994-2008  </subfield>
   <subfield code="c">Malaysia Toray Science Foundation (MTSF).</subfield>
  </datafield>
  <datafield tag="260" ind1="0" ind2="0">
   <subfield code="a">Penang, Malaysia: </subfield>
   <subfield code="b">Malaysia Toray Science Foundation (MTSF), </subfield>
   <subfield code="c">2009.</subfield>
  </datafield>
  <datafield tag="300" ind1=" " ind2=" ">
   <subfield code="a">321p: </subfield>
   <subfield code="b">ill.; </subfield>
   <subfield code="c">28 cm.</subfield>
  </datafield>
  <datafield tag="500" ind1="0" ind2="0">
   <subfield code="a">Includes indexes</subfield>
  </datafield>
  <datafield tag="650" ind1="0" ind2="0">
   <subfield code="a">Research grants -- </subfield>
   <subfield code="x">Handbooks, manuals, etc -- </subfield>
   <subfield code="z">Malaysia </subfield>
  </datafield>
  <datafield tag="650" ind1="0" ind2="0">
   <subfield code="a">Scholarly publishing -- </subfield>
   <subfield code="x">Research grants -- </subfield>
   <subfield code="x">Handbooks, manuals, etc -- </subfield>
   <subfield code="z">Malaysia </subfield>
  </datafield>
  <datafield tag="901" ind1=" " ind2=" ">
   <subfield code="u">www.mtsf.org</subfield>
  </datafield>
 </record>
</collection>
